AI and ML powering the agents of automation: (Record no. 6725)

MARC details
000 -LEADER
fixed length control field 00896nam a22002537a 4500
003 - CONTROL NUMBER IDENTIFIER
control field OSt
005 - DATE AND TIME OF LATEST TRANSACTION
control field 20220107122858.0
008 - FIXED-LENGTH DATA ELEMENTS--GENERAL INFORMATION
fixed length control field 200226b xxu||||| |||| 00| 0 eng d
020 ## - INTERNATIONAL STANDARD BOOK NUMBER
International Standard Book Number 9789388511636
040 ## - CATALOGING SOURCE
Transcribing agency IIITMK
082 ## - DEWEY DECIMAL CLASSIFICATION NUMBER
Classification number 006.3 DEE/A
100 ## - MAIN ENTRY--PERSONAL NAME
Personal name Deepika, M
9 (RLIN) 17774
245 ## - TITLE STATEMENT
Title AI and ML powering the agents of automation:
Remainder of title Demystifying, IOT, robots, chatbots, RPA, drones & autonomous cars - the new workforce led digital reinvention facilitated by AI & MI and secured through blockchain
Statement of responsibility, etc. Deepika M
260 ## - PUBLICATION, DISTRIBUTION, ETC.
Place of publication, distribution, etc. New Delhi,
Name of publisher, distributor, etc. BPB Publications,
Date of publication, distribution, etc. 2019.
300 ## - PHYSICAL DESCRIPTION
Extent xiv, 228p.
650 ## - SUBJECT ADDED ENTRY--TOPICAL TERM
Topical term or geographic name entry element COMPUTER SCIENCE
9 (RLIN) 17942
650 ## - SUBJECT ADDED ENTRY--TOPICAL TERM
Topical term or geographic name entry element ARTIFICIAL INTELLIGENCE
9 (RLIN) 17943
650 ## - SUBJECT ADDED ENTRY--TOPICAL TERM
Topical term or geographic name entry element MACHINE LEARNING
9 (RLIN) 17944
650 ## - SUBJECT ADDED ENTRY--TOPICAL TERM
Topical term or geographic name entry element AUTOMATION
9 (RLIN) 17945
700 ## - ADDED ENTRY--PERSONAL NAME
Personal name Cuddapah, Vijay
9 (RLIN) 17775
700 ## - ADDED ENTRY--PERSONAL NAME
Personal name Srivastava, Amitendra
9 (RLIN) 17776
700 ## - ADDED ENTRY--PERSONAL NAME
Personal name Mahankali, Srinivas
9 (RLIN) 17777
942 ## - ADDED ENTRY ELEMENTS (KOHA)
Source of classification or shelving scheme Dewey Decimal Classification
Koha item type Books
Holdings
Withdrawn status Lost status Source of classification or shelving scheme Damaged status Not for loan Collection code Home library Current library Shelving location Date acquired Cost, normal purchase price Total Checkouts Full call number Barcode Date last seen Date last checked out Price effective from Koha item type
    Dewey Decimal Classification     Artificial Intelligence/ Computational Intelligence / Cognitive Computing Kerala University of Digital Sciences, Innovation and Technology Knowledge Centre Kerala University of Digital Sciences, Innovation and Technology Knowledge Centre Computer Science 26/02/2020 262.00 1 006.3 DEE/A 5638 23/08/2023 24/07/2023 26/02/2020 Books